000 00518nam a2200205Ia 4500
001 7556
003 IVS
005 20250626025216.0
008 211022s9999 xx 000 0 und d
040 _cIVS
082 _a700 NOO
100 _aNoor Yousuf
245 0 _aUntitled : The womans portrait
260 _aKarachi
260 _bIndus Valley School
260 _c2003
300 _av. p.
856 _uhttps://drive.google.com/file/d/1sn0BuxKDrlVI1LHqpRkxhZ6S4Q1N51Ti/view?usp=sharing
942 _cDISS
_2ddc
_n0
999 _c3877
_d3877